Регионална библиотека "Любен Каравелов" - Русе

Вашият първи бизнес партньор | Бизнес-курсове, семинари, консултации (Запис номер 447416)

MARC детайли
000 -Лидер
Контролно поле с фиксирана дължина nam a22 a 4500
003 - Код на организацията, давaща контролен номер
Контролно поле BLK
005 - Дата и час на последна редакция
Контролно поле 20220307154149.0
008 - Елементи от данни с фиксирана дължина
fixed length control field 220307b bu |||||r||||||0| | bu d
040 ## - Източник на каталожния запис
Идентификатор на билиотеката - собственик на записа BLK
041 ## - Код за език
Код за езика на текст/звукозапис или на отделно заглавие Български
Код за езика КДБФ Български
080 ## - УДК
Текстов определител УДК Занаятчийски и индустриални камари. Търговски палати
УДК код - определител по УДК 334.788.2
УДК определител (062)
УДК - код + определител 334.788.2(497.215)(062)
139 ## - Редно поле
Авторски знак Ваш - В 32
245 ## - Сведения за заглавието
Заглавие Вашият първи бизнес партньор
Подзаглавни данни Търговско-индустриална камара - Русе : 1895
245 ## - Сведения за заглавието
Заглавие Бизнес-курсове, семинари, консултации
Подзаглавни данни Съвместно начинание на Русенската ТИК, РУ Ангел Кънчев и Мид Йоркширската търг.-индустриална камара, Великобритания
Физически носител (вид на носителя) [Малотир. изд.]
260 ## - Област на издателските данни
9 (RLIN) 441842
Място на издаване, разпространение и проч. Русе
Име на издателя, разпространителя и проч. б. и.
Година на издаване 1998
300 ## - Физическа характеристика
Страници 2 л.
Размери/Мащаб 21х30 см
380 ## - Жанр
Жанр Обществени науки
653 #7 - Ключова дума – ненормативна
9 (RLIN) 198883
Ключова дума търговско-индустриални камари
653 #7 - Ключова дума – ненормативна
9 (RLIN) 198350
Ключова дума ТИК
852 ## - Местоположение
Форматна сигнатура К 334/В 32
Фондова буква Краезнание
999 ## - СИСТЕМНИ КОНТРОЛНИ НОМЕРА
Koha biblionumber 447416
Koha biblioitemnumber 447416
942 ## - АРТИКУЛИ
Вид на библиотечния материал Книги
Скрит в OPAC Не
Периодичен библиозапис Да
944 ## - СЪЗДАВАНЕ И РЕДАКЦИЯ на ЗАПИСА
Създаване/Редакция Създаване
Дата на регистрацията/редакция 2022-03-07
Служител, извършил регистрацията/редакцията Кети
Наличности
Код за отписване Код за изгубен артикул Източник на класификационната схема Код за повреда Коз за рестрикции Код за отдаване Артикулен № Име на библиотеката - собственик Име на библиотеката, в която се намира в момента Статус (Текущо местоположение) Дата на вписване в системата Местоположение - отдел Цена в лева Систематично азбучна сигнатура Баркод Цена в евро Служебен тип на артикула
  Не е изгубен Universal Decimal Classification Не е повреден само за читалня ползва се в читалня 874946 Регионална библиотека "Любен Каравелов" Русе Регионална библиотека "Любен Каравелов" Русе Краезнание 2022-03-11 Краезнание 1.00 К 334/В 32 120000867958 0.51 Книги
Vip Innovations Ltd, Rousse, Bulgaria 2025